Los niños y jóvenes del tercer milenio: guía práctica para padres y educadores

שמור ב:
מידע ביבליוגרפי
Main Authors: Espinosa Manso, Carlos (Author), Maverino, Walter (Author)
מחברים אחרים: Paymal, Noemi (autora)
פורמט: ספר
שפה:ספרדית
יצא לאור: Málaga Sirio 2007
נושאים:
תגים: הוספת תג
אין תגיות, היה/י הראשונ/ה לתייג את הרשומה!

MARC

LEADER 00000nam a2200000 a 4500
001 UCI9509
003 CL-VaPUC
008 081120e20070000SP |||||||||||||||||spa|d
020 |a 9788478085521 
082 0 4 |a 370.15  |b ESP  |2 21 
100 0 |a Espinosa Manso, Carlos  |e author  |9 533314 
700 0 |a Maverino, Walter  |e author  |9 533315 
700 |a Paymal, Noemi  |e autora  |9 558221 
245 1 4 |a Los niños y jóvenes del tercer milenio: guía práctica para padres y educadores 
300 |a 348 p 
942 |c BK 
945 |d 20081120 00:00:00  |a jtorresc 
260 |a Málaga  |b Sirio  |c 2007 
650 0 |a Psicología educacional   |9 307830 
650 0 |a Comportamiento   |9 308406 
650 0 |a Psicología del niño  |9 307305 
650 0 |a Psicología del adolescente   |9 307864 
650 7 |a COMPORTAMIENTO DEL DOCENTE  |2 CL-VaPUC  |9 339293 
650 7 |a RELACIONES PADRES DOCENTES  |2 CL-VaPUC  |9 339338 
583 |a last modification  |c 20081120 00:00:00  |k Rodrigo Vera 
999 |c 332033  |d 332031 
952 |0 0  |1 0  |4 0  |6 370_150000000000000_ESP_2007  |7 0  |8 A  |9 419380  |a BIBEDU  |b BIBEDU  |d 2019-11-22  |i 4497171  |o 370.15 ESP 2007  |p 4497171  |r 2019-11-22  |w 2019-11-22  |y BK  |k EPE